| 000 | 01201cab a2200301 4500 | ||
|---|---|---|---|
| 001 | ABS42970 | ||
| 008 | 090401t1990 xxu||||| |||| 00| 0 eng d | ||
| 035 | _a(Sirsi) u39752 | ||
| 041 | _aeng | ||
| 100 | _aDixon, A. | ||
| 245 | _aAspects of statutory valuations applicable to minerals project management | ||
| 260 | _c1990 | ||
| 350 | _a0 | ||
| 490 |
_aLand & Minerals Surveying _v8(6) June 1990, 276-281(6) |
||
| 520 | _aConsiders what statutory or other legal constraints may affect the valuation of assets or mineral rights over land being purchased for mineral projects quoting case law . | ||
| 650 | _aBARTLETT VO V RESERVOIR AGGREGATES | ||
| 650 | _aBP PETROLEUM DEVELOPMENTS LTD V RYDER AND OTHERS | ||
| 650 | _aLAND COMPENSATION ACT 1961 S5 | ||
| 650 | _aMINERAL VALUATION | ||
| 650 | _aMINES WORKING FACILITIES AND SUPPORT ACTS 1966 | ||
| 650 | _aMINES WORKING FACILITIES AND SUPPORT ACTS 1974 | ||
| 650 | _aPOINTE GOURDE QUARRYING AND TRANSPORT CO LTD V CROWN LANDS SUPERINTENDENT | ||
| 650 | _aWIMBOURNE DC V BRAYNE CONSTRUCTION LTD AND WH WHITE AND CO LTD | ||
| 690 | _aMINING AND MINERALS | ||
| 690 | _aRATING AND VALUATION | ||
| 942 | _n0 | ||
| 948 | _c04/03/1997 | ||
| 999 |
_c25450 _d25450 |
||